| 000 | 00395nam a22001697a 4500 | ||
|---|---|---|---|
| 003 | CEME | ||
| 005 | 20210628202313.0 | ||
| 008 | 210107b xxu||||| |||| 00| 0 eng d | ||
| 020 | _a8121930553 | ||
| 040 | _c. | ||
| 082 | _a621.3 GUP | ||
| 100 |
_aGupta,B.R _957933 |
||
| 245 | _aNetwork analysis and synthesis | ||
| 260 |
_aINDIA _bS.CHAND _c2013 |
||
| 300 | _aXIII, 795P | ||
| 942 |
_cBK _2ddc |
||
| 999 |
_c569272 _d569272 |
||